-
SINGH, DR RAMANDEEP AND MEHRA, MEENAKSHI
Entry Personal Name
Number of records used in: 1
001 - CONTROL NUMBER
003 - CONTROL NUMBER IDENTIFIER
005 - DATE AND TIME OF LATEST TRANSACTION
- control field:
20250904142935.0
008 - FIXED-LENGTH DATA ELEMENTS
- fixed length control field:
250904|| aca||aabn | a|a d
040 ## - CATALOGING SOURCE
- Original cataloging agency:
JRU
- Transcribing agency:
JRU
100 ## - HEADING--PERSONAL NAME
- Personal name:
SINGH, DR RAMANDEEP AND MEHRA, MEENAKSHI
670 ## - SOURCE DATA FOUND
- Source citation:
Work cat.: (JRU)8789: SINGH, DR RAMANDEEP AND MEHRA, MEENAKSHI, TEXTBOOK OF PHARMACOTHERAPEUTICS :Exclusively prepared for D. Pharma [2nd year students], 2025